000 02356nam0a2200397 4500
001 RU\NLR\BIBL_A\022750770
005 20260403130917.0
010 _a978-5-6054257-0-0
021 _aRU
_bАЛ-П-26-00186и
_9АЛ-П-26-0029
035 _a(NLR Aleph) 022750770
090 _a13650390
_c13650390
100 _a20260311d2025 u y0rusy50 ca
101 0 _arus
102 _aRU
105 _aа z 011zy
181 0 _ab2
_bxb2e
181 0 _ai2
_baxxe
182 0 _an
200 1 _aПавел Кузнецов в собрании Радищевского музея
_e[к 140-летию Саратовского государственного художественного музея имени А. Н. Радищева]
_fавтор-составитель Юрий Петухов
_gавторы статей Ольга Бельская [и др.]
203 _aИзображение
_aТекст
_bвизуальные
_cнепосредственные
210 _aСаратов
_cСаратовский государственный художественный музей им. А. Н. Радищева
_aМосква
_c[б. и.]
_d2025
215 _a333, [2] с.
_cил., цв. ил., портр.
_d29
320 _aУказ. имен: с. 322-331
600 1 _aКузнецов
_bП.В.
_gПавел Варфоломеевич
_f1878 - 1968
_2nlr_sh1
_2nlr_sh2
_3RU\NLR\AUTH\66415853
601 0 2 _aСаратовский государственный художественный музей им. А.Н. Радищева
_xКоллекция живописи
_2nlr_sh1
_2nlr_sh2
_3RU\NLR\AUTH\661421259
686 1 _aЩ143(2Р=Рус)7-8Кузнецов л61
686 1 _aЩ101.3(2Р)-2Саратов2Саратовский государственный художественный музей им. А.Н. Радищева л61
702 1 _aБельская
_bО.
_4570
702 1 _aКузнецов
_bП. В.
_cхудожник
_f1878-1968
_gПавел Варфоломеевич
_3RU\NLR\AUTH\7798068
_4570
702 1 _aПетухов
_bЮ.
_gЮрий
_4220
711 0 2 _aСаратовский государственный художественный музей им. А. Н. Радищева
_3RU\NLR\AUTH\8810010973
942 _cBOOK
980 _aNB